000 00727nam a2200205 a 4500
001 000034787
005 20200930073913.0
008 111019s1960 mx 000 0 spa d
040 _aDO-SdBNP
_bspa
_cBNPHU
082 _axxxx
_bM523
100 1 _aMeliujin, S.
_960281
245 1 3 _aEl problema de lo finito y lo infinito. /
_cS. Meliujin ; traducción directa del ruso por Lydia Kuper de Velasco.
260 _aMéxico :
_bGrijalbo,
_c1960.
300 _a275 p. ;
_c23 cm.
490 1 _aCiencias económicas y sociales
590 _aPerteneció a la biblioteca personal de Juan Isidro Jimenes Grullón
700 1 _aKuperde Velasco, Lydia,
_etr.
_960282
830 0 _aCiencias económicas y sociales
_960179
049 _aBNPD
999 _c34278
_d34278